000 01489 a2200241 4500
001 44893
005 20260407155723.0
008 260407a2009 arg spa d
003 AR-UNSa-BCEJYS
040 _aAR-UNSa-BCEJYS
_bspa
_cAR-UNSa-BCEJYS
080 _a304.4(82)
_xAspectos generales de las políticas y prácticas sociales y culturales en Argentina (política social)
245 1 0 _aInforme nacional sobre el impacto social de la globalización en Argentina
020 _a978-92-2-322923-8
264 1 _aBuenos Aires :
_bOIT
_c2009
300 _a197 p.
_c30 cm.
505 _a1. Algunos elementos para el análisis de la dimensión social de la globalización – 2. Sistema multilateral de comercio e impacto social de la globalización en Argentina – 3. Políticas públicas y empleo: desafíos y oportunidades en una economía global – 4. Los efectos de la innovación sobre el empleo, en el marco de la globalización – 5. Efectos de la inserción internacional de Argentina en el mercado de trabajo doméstico: el caso de China – 6. Auge de los productos básicos alimentarios: impactos económicos, sociales, ambientales y desafíos de políticas -
041 _aspa
942 _cBK
590 _aniveau_biblio:m niveau_hierar:0
100 1 _aArgentina. Ministerio de Trabajo, Empleo y Seguridad Social
700 1 _aOficina Internacional del Trabajo
856 4 1 _uhttps://www.biblioeco.unsa.edu.ar/pmb/images/libros/L127024.jpg
_yImagen de portada
_qimage/jpeg
999 _c3842
_d3842